A theory of waste behaviour in the construction industry (Record no. 68480)
[ view plain ]
| 000 -LEADER | |
|---|---|
| fixed length control field | 01477cam a2200253 4500 |
| 001 - CONTROL NUMBER | |
| control field | ABS64468 |
| 008 - FIXED-LENGTH DATA ELEMENTS--GENERAL INFORMATION | |
| fixed length control field | 011004n2001 000 0 eng u |
| 035 ## - SYSTEM CONTROL NUMBER | |
| System control number | (Sirsi) u114998 |
| 100 ## - MAIN ENTRY--PERSONAL NAME | |
| Personal name | Teo, M.M.M. |
| 245 #2 - TITLE STATEMENT | |
| Title | A theory of waste behaviour in the construction industry |
| 260 ## - PUBLICATION, DISTRIBUTION, ETC. | |
| Date of publication, distribution, etc. | 2001 |
| 490 ## - SERIES STATEMENT | |
| Series statement | Construction Management and Economics |
| Volume/sequential designation | 19(7) 2001, 741-751(11) |
| 520 ## - SUMMARY, ETC. | |
| Summary, etc. | The construction industry generates a huge amount of waste, and has been slow to embrace environmentally friendly practices. Changing people's wasteful behaviour can make a significant contribution to reducing avoidable waste. Describes a research project that investigated the key influences that shape operatives' attitudes to waste management, and any impediments to them being positive. The project concluded that while attitudes to waste management are not negative, operatives see waste as an inevitable by-product of construction activity. Waste management is perceived as a low priority, and appropriate resources and incentives to support it are lacking. Makes recommendations for managers wanting to develop waste management policies that encourage positive attitudes towards waste among operatives. |
| 590 ## - LOCAL NOTE (RLIN) | |
| Local note | ABS |
| 650 ## - SUBJECT ADDED ENTRY--TOPICAL TERM | |
| Topical term or geographic name entry element | WASTE MANAGEMENT |
| 650 ## - SUBJECT ADDED ENTRY--TOPICAL TERM | |
| Topical term or geographic name entry element | OPERATIVES |
| 650 ## - SUBJECT ADDED ENTRY--TOPICAL TERM | |
| Topical term or geographic name entry element | ATTITUDES |
| 650 ## - SUBJECT ADDED ENTRY--TOPICAL TERM | |
| Topical term or geographic name entry element | BEHAVIOUR |
| 650 ## - SUBJECT ADDED ENTRY--TOPICAL TERM | |
| Topical term or geographic name entry element | Environment |
| 9 (RLIN) | 6238 |
| 650 ## - SUBJECT ADDED ENTRY--TOPICAL TERM | |
| Topical term or geographic name entry element | Sustainability |
| 9 (RLIN) | 6271 |
| 690 ## - LOCAL SUBJECT ADDED ENTRY--TOPICAL TERM (OCLC, RLIN) | |
| Topical term or geographic name as entry element | BUILT ENVIRONMENT |
| 700 ## - ADDED ENTRY--PERSONAL NAME | |
| Personal name | Loosemore, M |
| 942 ## - ADDED ENTRY ELEMENTS (KOHA) | |
| Suppress in OPAC | 0 |
| Withdrawn status | Lost status | Source of classification or shelving scheme | Damaged status | Not for loan | Home library | Current library | Shelving location | Date acquired | Total Checkouts | Full call number | Barcode | Date last seen | Copy number | Price effective from | Koha item type |
|---|---|---|---|---|---|---|---|---|---|---|---|---|---|---|---|
| Dewey Decimal Classification | London | London | Journal article | 04/10/2001 | ABS64468 | 114998-1001 | 06/08/2019 | 1 | 06/08/2019 | Journal article |